00000000nam 2200000za 4500
0019.675630
003CaOODSP
00520220106135926
007cr |||||||||||
008150407|2001||||xxc|||||o    f|0| 0 fre d
040 |aCaOODSP|bfre
041 |aeng
041 |afre
043 |an-cn---
0861 |aH49-143/2001-PDF
1101 |aCanada. |bDirection générale des produits de santé et des aliments.
24510|aLes jus de fruits non pasteurisés : |h[ressource électronique]|bconnaissez ce que vous buvez
260 |aOttawa - Ontario : |bSanté Canada. |c[2001].
300 |a2p.|bill.
500 |aLe texte français suit le texte anglais. Le n° de catalogue (H49-143/2001) et l'ISBN (0-662-66025-0) de l'édition imprimée bilingue ont été incorrectement copiés dans l'édition électronique.
590 |a12-15-Supp|b2012-04-13
69107|aSécurité alimentaire|2gcpds
69107|aProduit agro-alimentaire|2gcpds
7760#|tUnpasteurized fruit juices and cider : |w(CaOODSP)9.663143
791 |tUnpasteurized fruit juices and cider : |eeng|w(CaOODSP)9.675629
795 |tLes jus de fruits non pasteurisés-- : |w(CaOODSP)9.675628
85640|ahttp://publications.gc.ca|qPDF|s653 Ko|uhttps://publications.gc.ca/collections/Collection/H49-143-2001.pdf